000
00305nam a22001217a 4500
999
_c
5072
_d
5072
008
250516b ||||| |||| 00| 0 eng d
020
_a
9781502621467
082
_a
946 MAT
100
_a
MATTERN,JOANNE
_e
AUTHOR
245
_a
SPAIN
260
_a
NEW YORK
_b
CAVENDISH SQUARE PUBLISHING LLC
_c
2017
942
_2
ddc